Municipalities of Trinidad and Tobago - Statistics

General Stats
  • This quiz has been taken 49 times
  • The average score is 10 of 15
Answer Stats
Area Population Municipality % Correct
12 km² 49.000 Port of Spain
86%
19 km² 48.800 San Fernando
75%
12 km² 33.600 Arima
71%
59 km² 83.500 Chaguanas
71%
723 km² 178.400 Couva / Tabaquite / Talparo
71%
25 km² 19.100 Point Fortin
71%
126 km² 103.000 Diego Martin
68%
814 km² 35.700 Mayaro / Rio Claro
68%
620 km² 102.400 Princes Town
64%
927 km² 75.800 Sangre Grande
64%
495 km² 86.900 Siparia
64%
510 km² 215.100 Tunapuna / Piarco
64%
246 km² 89.400 Penal / Debe
61%
300 km² 60.900 Tobago
61%
239 km² 157.300 San Juan / Laventille
57%
No matching quizzes found
Score Distribution
Percent of People with Each Score
Percentile by Number Answered
Your Score History
You have not taken this quiz